ARRUPE JESUIT UNIVERSITY

CORONAVIRUS -STOP THE SPREAD - CLEAN,DISINFECT,COVER

Mammals of Northern Rhodesia; (Record no. 120709)

MARC details
000 -LEADER
fixed length control field 00861nam a22002411 4500
001 - CONTROL NUMBER
control field 4530608
003 - CONTROL NUMBER IDENTIFIER
control field ARRUPE
005 - DATE AND TIME OF LATEST TRANSACTION
control field 20140611135842.0
008 - FIXED-LENGTH DATA ELEMENTS--GENERAL INFORMATION
fixed length control field 850812s1960 za abf b f000 0 eng
010 ## - LIBRARY OF CONGRESS CONTROL NUMBER
LC control number 61001562
040 ## - CATALOGING SOURCE
Original cataloging agency DLC/ICU
Transcribing agency ICU
Modifying agency DLC
043 ## - GEOGRAPHIC AREA CODE
Geographic area code f-za---
050 00 - LIBRARY OF CONGRESS CALL NUMBER
Classification number QL731
Item number .A5
082 00 - DEWEY DECIMAL CLASSIFICATION NUMBER
Classification number 599.096894
300 ## - PHYSICAL DESCRIPTION
Other physical details illus., col. plates, maps.
Dimensions 23 cm.
100 1# - MAIN ENTRY--PERSONAL NAME
Personal name Ansell, W. F. H.
Fuller form of name (William Frank Harding)
9 (RLIN) 10835
245 10 - TITLE STATEMENT
Title Mammals of Northern Rhodesia;
Remainder of title a revised check list with keys, notes on distribution, range maps, and summaries of breeding and ecological data.
Statement of responsibility, etc With seven colour plates by P. Dandelot.
260 ## - PUBLICATION, DISTRIBUTION, ETC. (IMPRINT)
Place of publication, distribution, etc Lusaka,
Name of publisher, distributor, etc Govt. Printer,
Date of publication, distribution, etc 1960.
300 ## - PHYSICAL DESCRIPTION
Extent 155, 24 p.
504 ## - BIBLIOGRAPHY, ETC. NOTE
Bibliography, etc Bibliography: p. 128-137.
650 #0 - SUBJECT ADDED ENTRY--TOPICAL TERM
Topical term or geographic name as entry element Mammals
Geographic subdivision Zambia.
9 (RLIN) 10836
906 ## - LOCAL DATA ELEMENT F, LDF (RLIN)
a 7
b cbc
c orignew
d u
e ocip
f 19
g y-gencatlg
942 ## - ADDED ENTRY ELEMENTS (KOHA)
Source of classification or shelving scheme Library of Congress Classification
Koha item type SPC
Holdings
Withdrawn status Lost status Source of classification or shelving scheme Damaged status Not for loan Collection code Home library Current library Shelving location Date acquired Total Checkouts Full call number Barcode Date last seen Price effective from Koha item type
    Library of Congress Classification     SPECIAL Collection ARRUPE LIBRARY ARRUPE LIBRARY Main Collection 11/06/2014   SPC QL731 .A5 46500000529 11/06/2014 11/06/2014 SPC

 

Arrupe Library. PO Box MP320 Mt Pleasant, Harare, Zimbabwe
263 242 745411|librarian@aju.ac.zw